1847 1685 1623 1021 1844 1835 1788 1273 1326 1946 1735 1454 1895 1125 1922 1836 1628 1637 1117 1206 1236 1744 1448 1805 1187 1248 1350 1423 1894 1433 1150 1584 1790 1028 1879 1869 1276 1140 1629 1499 1696 1738 1449 1290 1710 1158 1993 1639 1964 1690 1902 1959 1169 1902 1044 1615 1148 1786 1514 1940 1799 1083 1841 1574 1389 1648 1821 1468 1705 1789 1771 1489 1756 1516 1350 1494 1554 1942 1300 1199 1779 1980 1453 1590 1818 1908 1783 1507 1672 1809 1478 1171 1881 1427 1628 1869 1473 1006 1295 BCNSPRNW ULIB Ver.6.0+V

เปลี่ยนเป็นภาษาไทย

Change to English
 แสดงรายละเอียดบรรณานุกรม
  กลับหน้าหลัก

Brief Record : Get Marc (ISO 2709) : E-mail record : QR code < ปิดหน้าต่าง
LEADER : 00000nam 2200000uu 4500
001    13399112963
003     ULIB
008    110920s2554||||th 000 0 tha d
020    9786165001328
090    นว.^bซ116ค
100 0  ซ่อนกลิ่น
245 00 คุณชายรัชชานนท์/^cซ่อนกลิ่น
250    พิมพ์ครั้งที่ 4
260    กรุงเทพฯ :^bพิมพ์คำ,^c2554
300    451 หน้า
490 0  นวนิยายชุด สุภาพบุรุษจุฑาเทพ
945    ^p270^l0^i18627
995    กัณชพร
999    ^aใช้งานได้ทุกระบบ
รายการนี้ยังไม่มีแท็ก
คุณยังไม่ได้ล็อกอิน คุณสามารถมีกิจกรรมร่วมกับเว็บไซต์ได้ แต่ต้องล็อกอินก่อน ::
  ล็อกอิน

รายการสื่อสารสนเทศ

ลำดับที่ ประเภท เลขเรียก/บาร์โค้ด สถานที่ สถานะ
1. นวนิยาย
นวนิยาย
นว. ซ116ค  
  Barcode: 18627
ห้องสมุดวิทยาเขตสวรรค์ประชารักษ์
►นวนิยาย
บนชั้น
  ขอยืม

รายการใกล้เคียง
    ผู้แต่ง [ซ่อนกลิ่น]

BibComment


ยังไม่เคยถูกคอมเมนท์

คอมเมนท์ทรัพยากรรายการนี้
  คอมเมนท์: คุณชายรัชชานนท์ ซ..


 Copyright 2026. Bcnsprnw @Library